Légi fuvarozás jogszabályi megfelelésének kihívásai és gyakorlati megoldásai
| Szerző: | |
|---|---|
| További közreműködők: | |
| Dokumentumtípus: | Projektmunka |
| Kulcsszavak: | jogszabály légiforgalom légiközlekedés logisztika szállítmányozás |
| Online Access: | http://dolgozattar.uni-bge.hu/59807 |
MARC
| LEADER | 00000nnm a2200000 i 4500 | ||
|---|---|---|---|
| 001 | dolg59807 | ||
| 005 | 20260409145604.0 | ||
| 008 | 260409suuuu hu o 000 hun d | ||
| 040 | |a BGE Dolgozattár Repozitórium |b hun | ||
| 041 | |a hu | ||
| 100 | 1 | |a Bukovinszki Réka | |
| 245 | 1 | 0 | |a Légi fuvarozás jogszabályi megfelelésének kihívásai és gyakorlati megoldásai |c Bukovinszki Réka |h [elektronikus dokumentum] |
| 516 | |a Project_work | ||
| 520 | 3 | |a A projektmunka középpontjában a légi fuvarozás jogszabályi megfelelésének kihívásai és gyakorlati megoldásai állnak, különös tekintettel a Budapest Liszt Ferenc Nemzetközi Repülőtér üzemeltetőjére, a Budapest Airport Zrt.-re. A dolgozat célja, hogy bemutassa a légi fuvarozásra vonatkozó hazai és nemzetközi szabályozási környezetet, az ebből fakadó gyakorlati kihívásokat, valamint a szabályozási megfelelés biztosítására alkalmazott stratégiákat és megoldásokat.A kutatás alapját szekunder források feldolgozása, valamint egy szimulált mélyinterjú képezi, amely a Budapest Airport mindennapi működésének szabályozási aspektusaira fókuszál. A dolgozat kitér a légi árufuvarozás előnyeire és korlátaira, az alkalmazott járműtípusokra, a fuvarozási és vámeljárásokra, továbbá részletesen elemzi a jogszabályi háttér főbb nemzetközi egyezményeit, mint például a Varsói és Montreali Egyezményeket, valamint az Európai Unió vonatkozó szabályozásait.A projektmunka gyakorlati példákon keresztül szemlélteti a szabályozási megfelelés mindennapi kihívásait, bemutatva a repülőtéri folyamatok, a vámkezelés és a biztonsági előírások jelentőségét. A Budapest Airport működésének elemzése mellett a dolgozat röviden összehasonlítja az autókölcsönzés területén tapasztalható szabályozási környezetet is, a Hertz Autókölcsönző példáján keresztül. A munka végső célja a légi fuvarozás jogszabályi környezetének átfogó bemutatása, a kihívások azonosítása és a gyakorlati megoldások ismertetése. | |
| 695 | |a jogszabály | ||
| 695 | |a légiforgalom | ||
| 695 | |a légiközlekedés | ||
| 695 | |a logisztika | ||
| 695 | |a szállítmányozás | ||
| 700 | 1 | |a Domboróczky Dr. Zoltán |e ths | |
| 856 | 4 | 0 | |u http://dolgozattar.uni-bge.hu/59807/1/Bukovinszki_R%C3%A9ka_Projektmunka.pdf |z Dokumentum-elérés |
| 856 | 4 | 0 | |u http://dolgozattar.uni-bge.hu/59807/2/Bukovinszki_R%C3%A9ka_KM%20FOSZK%20b%C3%ADr%C3%A1lati%20lap.pdf |z Dokumentum-elérés |